|
|
|
|
| LEADER |
00000naa2a2200000 4500 |
| 001 |
175428 |
| 005 |
20231031165101.0 |
| 035 |
|
|
|a (RuTPU)RU\TPU\book\190214
|
| 035 |
|
|
|a RU\TPU\tpu\6439
|
| 090 |
|
|
|a 175428
|
| 100 |
|
|
|a 20100212d1967 k y0rusy50 ca
|
| 101 |
0 |
|
|a rus
|
| 102 |
|
|
|a RU
|
| 200 |
1 |
|
|a Научные основы горной механики, совершенствование горного оборудования и привода горных машин
|f Б. М. Титов
|
| 320 |
|
|
|a Библиогр.: 103 назв.
|
| 463 |
|
0 |
|0 (RuTPU)RU\TPU\book\103769
|t Итоги исследований по электромеханике за 50 лет: 1917-1967
|o труды межвузовской научной конференции, посвященной 50-летию Великой Октябрьской социалистической революции
|f Томский государственный университет
|v С. 77-85
|d 1967
|p 122 с.
|
| 610 |
1 |
|
|a горное дело
|
| 610 |
1 |
|
|a труды учёных ТПУ
|
| 700 |
|
1 |
|a Титов
|b Б. М.
|
| 801 |
|
0 |
|a RU
|b 63413507
|c 20011210
|g PSBO
|
| 801 |
|
2 |
|a RU
|b 63413507
|c 20100212
|g PSBO
|
| 942 |
|
|
|c BK
|